| 000 | 00567nam a22001697a 4500 | ||
|---|---|---|---|
| 008 | 160208b xxu||||| |||| 00| 0 eng d | ||
| 020 | _a0803614861 | ||
| 100 | _aWard Susan .L | ||
| 245 |
_aMaternal- Child Nursing Care _bOptimizing Outcomes for Mothers, Children and Families _cSusan L. Ward |
||
| 260 |
_aUSA _bF.A Davis Company _c2009 |
||
| 300 |
_alii, 1207 p. _bill. |
||
| 650 | _2Maternal-Child Nursing | ||
| 650 | _2Evidence-based Nursing | ||
| 650 | _2Holistic Nursing | ||
| 700 | _aShelton M. Hisley | ||
| 942 |
_2lcc _cBK _hRG 951 _k.W 37 2009 c.1 |
||
| 999 |
_c15599 _d15599 |
||